[Event "S Wales Late Summer Open"]
[Site "?"]
[Date "2022.09.03"]
[Round "3.17"]
[White "Chung, Daniel"]
[Black "Chung, Ethan"]
[Result "0-1"]
[WhiteElo "1693"]
[BlackElo "1570"]
[Annotator "kemen"]
[PlyCount "84"]
[EventDate "2022.??.??"]
[SourceVersionDate "2022.09.07"]

{[%evp 0,7,28,21,27,-28,-16,-3,18,0]} 1. d4 d5 2. c4 e6 3. Nf3 c5 4. g3 Nc6 5.
cxd5 exd5 6. Nc3 Nf6 7. Bg2 Be6 8. O-O cxd4 (8... Be7 {main}) 9. Nxd4 Bc5 10.
Be3 Bb6 {8-0, te Bl setup looks unsound} 11. Na4 (11. Nxe6 fxe6 12. Bxb6 Qxb6
13. e4 $16 {Cloud Engines, not yet played}) 11... O-O $146 (11... Ng4 12. Nxe6
(12. Nxc6 bxc6 13. Bc5 $16 {2-0} (13. Bxb6 axb6 14. Qd4 Qf6 $11 {Semerene
Indriago-Terrel, Guane CAC U20, 2000,1-0})) 12... fxe6 13. Bxb6 axb6 14. e4 {
Cloud Engines- Mlynek-Kratochvil, Brno Trade op 2005,1-0}) (11... Bxd4 12. Bxd4
$16 {3-0}) 12. Nxb6 axb6 13. Nxe6 fxe6 14. a3 $16 (14. Qb3 $18 Nd7 15. Rac1 Qe7
16. Rfd1 Rf7 17. a3 $18 {KomodoDragon3}) 14... Ne5 15. Bd4 Nc6 16. Bh3 (16. Bc3
Qc7 17. Qb3 $18 {KomodoDragon3}) 16... e5 17. Be3 d4 18. Bg5 (18. Qb3+ Kh8 (
18... Qd5 $2 19. Be6+) 19. Bg5 $14 {KomodoDragon3}) 18... Qd5 19. f4 $6 (19. f3
e4 20. Bxf6 Rxf6 21. fxe4 Rxf1+ 22. Qxf1 Qxe4 23. Bg2 Qe3+ 24. Qf2 Rd8 25. Rd1
$14 {KomodoDragon3}) 19... e4 $17 {Wh has allowed the once static pawn centre
to move into a dominant position} 20. Bg2 h6 (20... Ng4 $19 21. f5 Rxf5 22.
Rxf5 Qxf5 23. Bf4 g5 24. Bd2 Qf2+ 25. Kh1 Qf7 26. Kg1 e3 $19 {KomodoDragon3})
21. Bxf6 Rxf6 $15 22. Qc2 Re8 23. Rac1 d3 $2 {this needs further preparation,
though KomodoDragon considers Wh can hold up the pawn advance} (23... Kh8 24.
b4 Rd6 25. Qc4 Qf5 26. Rfe1 Rd7 27. b5 Na5 28. Qb4 Red8 29. Red1) 24. Qd2 (24.
Qxd3 $1 {KomodoDragon3- the Bl centre disappears} Qxd3 (24... exd3 25. Bxd5+)
25. exd3 exd3 26. Bd5+ Kf8 27. Rcd1 Re3 28. Rf3 Rxf3 29. Bxf3 g5 30. Bxc6 bxc6
31. fxg5 hxg5 32. Rxd3 {and Wh is a sound pawn up}) 24... Qd4+ 25. Kh1 $11 Na5
26. b4 $2 (26. exd3 {!} exd3 27. Rfe1 Rxe1+ 28. Qxe1 $1 d2 29. Rc8+ Kh7 30.
Qe4+ Qxe4 31. Bxe4+ g6 32. Rd8 Re6 33. Bf3 Nc4 34. Kg2 Re3 35. Kf2 Rb3 36. Ke2
Rxb2 37. a4 Kg7 38. Rd4 Rb4 39. Bd5 Ne3 40. Rxd2 Nxd5 41. Rxd5 Rxa4 42. Rd7+
Kf6 43. Rd6+ (43. Rxb7 Ra2+ 44. Ke3 Rxh2 45. Rxb6+ $11) 43... Kf5 44. Rxb6 Ke4
$11 {KomodoDragon3}) 26... Nc4 $19 27. Qa2 (27. Qc3 Qxc3 28. Rxc3 Ne3 29. exd3
(29. Rg1 Rd6 30. exd3 exd3 31. Bxb7 d2 32. Bf3 b5 33. Rc7 d1=Q $19 {
KomodoDragon3})) 27... b5 28. Rfd1 d2 (28... Rd6) 29. Rxc4 bxc4 30. Rxd2 Qc3
31. Qc2 Qxc2 32. Rxc2 Rc6 (32... b5 33. a4 bxa4 34. Rxc4 a3 $19 {KomodoDragon3}
) 33. Kg1 c3 34. Kf2 Kf7 35. Ke3 Rc4 36. g4 Ke6 37. Kf2 Ra8 38. Ke3 Kd5 39. Rc1
Rxa3 40. Rd1+ Ke6 41. Rc1 c2+ 42. Kd2 e3+ 0-1

[Event "S Wales Late Summer Open"]
[Site "?"]
[Date "2022.09.04"]
[Round "4.1"]
[White "Camacho Collados, Jose"]
[Black "Kozusek, Daniel"]
[Result "1-0"]
[WhiteElo "2407"]
[BlackElo "2328"]
[Annotator "kemen"]
[PlyCount "85"]
[EventDate "2022.??.??"]
[SourceVersionDate "2022.09.07"]

{[%evp 0,25,16,28,10,-11,44,10,4,24,1,21,12,8,25,25,51,42,42,40,40,34,-2,7,-1,
-23,11,19]} 1. Nf3 (1. d4 Nf6 2. c4 e6 3. g3 c5 {Kozusek-Camacho Collados, WLS
ch 2022,1/2-1/2}) 1... d5 2. g3 Nd7 3. Bg2 e5 4. d3 Ngf6 5. O-O Bc5 (5... Bd6 {
main}) 6. Nc3 c6 7. e4 dxe4 8. Nxe4 Nxe4 9. dxe4 O-O 10. b3 (10. Qe2 {main, 12
games 50%}) 10... Qe7 $146 {Stockfish7 (2020)} 11. a3 Rd8 12. Bb2 Nf8 13. Qc1 (
13. Qe2 {KomodoDragon3}) 13... f6 $15 14. Nh4 Ng6 (14... a5 15. Nf5 Qc7 $15 {
KomodoDragon3}) 15. Nf5 Qf7 $11 16. b4 Bb6 (16... Bf8 $11) 17. c4 $14 Ne7 18.
c5 Bc7 19. Nd6 (19. Ne3 $14 {KomodoDragon3}) 19... Bxd6 20. cxd6 Rxd6 21. f4
exf4 22. e5 fxe5 23. Bxe5 Rd8 $11 {KomodoDragon3} (23... Rh6 $11 {Stockfish15})
24. Rxf4 Qg6 25. Qc5 Re8 (25... Nd5 26. Bxd5+ cxd5 27. Raf1 Be6 $11 {
KomodoDragon3}) 26. Raf1 Be6 27. Be4 Qg5 28. Qe3 Qh6 $2 (28... Bh3 29. R1f2 h6
$11 {both Engines}) 29. Bxg7 $1 $18 Kxg7 (29... Qxg7 30. Bxh7+ Kh8 (30... Qxh7
31. Qxe6+) 31. Rh4 {mating}) 30. Rf7+ Bxf7 31. Rxf7+ Kxf7 32. Qxh6 $18 {
Rs are bad defenders} a5 33. Bxh7 (33. b5) 33... axb4 34. axb4 Ra1+ 35. Kg2
Ra2+ 36. Kf3 Ra3+ 37. Kg4 Rd8 38. Qf4+ Kg7 39. Qg5+ (39. Bf5 {KomodoDragon3})
39... Kf7 40. Bg6+ Ke6 41. Bf5+ Kf7 42. Qh5+ Kf8 43. Be6 (43. Qh6+ Kf7 44. Qe6+
Kf8 45. Qf6+ Ke8 46. Qh8+ Kf7 47. Qxd8 {KomodoDragon3}) 1-0

[Event "S Wales Late Summer Open"]
[Site "?"]
[Date "2022.09.04"]
[Round "4.2"]
[White "Hatchett, Paul"]
[Black "Young, Alan J"]
[Result "0-1"]
[WhiteElo "1978"]
[BlackElo "2088"]
[Annotator "kemen"]
[PlyCount "80"]
[EventDate "2022.??.??"]
[SourceVersionDate "2022.09.07"]

1. e4 e5 2. d4 (2. Nc3 Nf6 3. Nf3 Nc6 4. g3 Bc5 5. Bg2 d6 6. d3 a6 7. h3 O-O 8.
O-O h6 {Hatchett-Young, Dyfed Open 2013,0-1}) 2... exd4 3. Qxd4 Nc6 4. Qe3 g6 (
4... Nf6 5. Nc3 Bb4 6. Bd2 O-O 7. O-O-O Re8 8. Qg3 Rxe4 {main, 43 % for Wh}) 5.
Bd2 Bg7 6. Nc3 Nf6 7. O-O-O O-O 8. Bc4 d6 (8... Re8 {main}) 9. h4 {46% for Wh}
(9. f3 {main, 48% for Wh}) 9... Ne5 10. Be2 (10. Bb3 c6 11. f4 Ned7 12. h5 {
Toczek-Rybansky, SVK ch tm 2001,1-0}) 10... h5 $146 (10... b5 $17 {Cloud
Engines} 11. h5 b4 12. Nd5 Nxd5 13. exd5 Qf6 14. c3 Ng4 15. Bxg4 Bxg4 16. f3
Rfe8 17. Qf4 bxc3 $19 {Burns-Li, US Open 2016,0-1}) (10... c6 11. Qg3 Be6 (
11... b5 $19) 12. Bg5 Qc7 13. h5 Rad8 14. Bxf6 Bxf6 15. f4 $18 {Santilli-Pili,
Sardegna Reg ch 2006,1-0}) 11. Qg3 Kh7 (11... b5 $15) 12. Nh3 $16 Qe7 13. Bg5
c6 14. Rhe1 (14. f4 Neg4 15. f5 $18 {KomodoDragon3}) 14... Qc7 15. f4 Neg4 16.
Bd3 (16. f5 gxf5 (16... Ne5 17. Bf4 Ne8 18. Qg5 b5 19. g4 $18) 17. Bf4 Ne8 18.
Ng5+ Kg8 19. Rxd6 $16 {KomodoDragon3}) 16... Re8 (16... d5 $11 {KomodoDragon3})
17. f5 Ne5 18. Rf1 Rf8 (18... Nfg4 19. Be2 b5 20. Bxg4 Nxg4 21. Qxd6 $16 {
KomodoDragon3}) 19. fxg6+ $6 {removes tension} (19. Be2 $18) (19. Kb1 Bd7 20.
Bf4 $18 {both KomodoDragon3}) 19... fxg6 $15 20. Nf4 (20. Bf4 Bxh3) 20... Bg4
21. Be2 Rae8 $19 22. Bxg4 Nfxg4 23. Nd3 b5 (23... Nc4 $19) 24. Rxf8 Rxf8 25.
Nf4 Re8 (25... Qf7 26. Kb1 Nc4 $19 {KomodoDragon3}) 26. a3 a5 27. b3 Qb6 (27...
a4 $1 $19) 28. Nh3 Qc5 29. Nb1 a4 30. b4 Qa7 (30... Qc4) 31. Nd2 Qf7 (31... Qd4
32. Nb1 Qa1) 32. Kb1 c5 33. Bf4 Qc7 {both sides in timetrouble} (33... Kg8) 34.
Ng5+ Kg8 35. Ndf3 cxb4 36. axb4 Qc4 (36... Nc4) (36... Qc3) 37. Qe1 a3 38. Nxe5
a2+ 39. Ka1 Nxe5 40. c3 Nd3 (40... Nf3 {[%emt 0:00:07] mate in KomodoDragon3})
0-1

[Event "S Wales Late Summer Open"]
[Site "?"]
[Date "2022.09.04"]
[Round "4.3"]
[White "Goater, Kevin"]
[Black "May, Adam J"]
[Result "1-0"]
[WhiteElo "2045"]
[BlackElo "1941"]
[Annotator "kemen"]
[PlyCount "113"]
[EventDate "2022.??.??"]
[SourceVersionDate "2022.09.07"]

{[%evp 0,15,22,20,20,27,27,23,26,26,42,42,49,3,4,-4,0,-28]} 1. d4 d5 2. Bf4 Nf6
3. e3 c5 4. Nc3 cxd4 5. exd4 a6 6. Qd2 Bf5 7. Nf3 Nc6 8. Ne5 Rc8 (8... e6 {
3 draws, 1 Bl win}) 9. Nxc6 Rxc6 10. f3 (10. Bd3 Bxd3 11. Qxd3 e6 12. O-O Be7
13. Ne2 O-O {Santiago-Golubev, Titled Tuesday blitz oct 2020,1-0}) 10... h6 (
10... e6) 11. Bd3 Bxd3 12. Qxd3 e6 $15 13. O-O Bd6 (13... Qc8 14. Rac1 Be7 15.
Nd1 O-O $15 {KomodoDragon3}) 14. Bxd6 Qxd6 15. Ne2 O-O 16. c3 Qc7 (16... b5)
17. Qd2 Rb8 18. a3 (18. Nf4 $14) 18... b5 19. Nf4 a5 20. Nd3 Nd7 (20... Ne8)
21. Rac1 (21. Rfe1) 21... Rc8 (21... e5 $11) 22. Qe2 Qb6 23. g3 Re8 (23... e5
24. Nxe5 Nxe5 25. Qxe5 b4 $11 {KomodoDragon3}) 24. Kg2 Qb8 25. Rce1 Rcc8 26.
Rf2 Kf8 (26... Nb6) 27. h4 $16 Kg8 28. g4 f6 {weakens k side} (28... e5 29.
dxe5 Rc4 30. Qe3 Nf8 31. Nf4 b4 $14 {KomodoDragon3- engine type moves}) 29. f4
$18 Re7 30. Qf3 (30. g5 {also}) 30... Rce8 31. Rfe2 Qd6 32. g5 e5 (32... hxg5
33. hxg5 fxg5 34. fxg5 e5 35. Qh5 g6 36. Qh3 Rh7 37. Qg3 $18 {
KomodoDragon3-also not easy to work out for humans}) 33. dxe5 fxe5 34. fxe5 Qc6
(34... Nxe5 35. Nxe5 Rxe5 36. Rxe5 Rxe5 37. Rxe5 Qxe5 38. g6 Qe6 39. h5 Qd7 40.
Kf2 Qd8 41. Ke3 $18 {KomodoDragon3}) 35. Nf4 (35. Kg3) 35... Rxe5 36. Rxe5 (36.
gxh6 $1 Re4 (36... gxh6 37. Qg4+ Kf7 38. Rxe5 Nxe5 (38... Rxe5 39. Rf1) 39.
Qh5+ Ng6 40. Rxe8) 37. hxg7 R8e5 38. Nh5 Qg6+ 39. Ng3 Nf6 40. Rxe4 dxe4 41. Qf4
$18 {KomodoDragon3}) 36... Rxe5 37. Rxe5 Nxe5 38. Qxd5+ Qxd5+ 39. Nxd5 Nc4 (
39... hxg5 40. hxg5 Kf7 41. Nc7 Kg6 42. b4 axb4 43. cxb4 Kxg5 44. Nxb5 Kf4 $11
{KomodoDragon3 & Syzygy tablebases}) 40. Nc7 b4 (40... hxg5 41. hxg5 Nxb2 42.
Nxb5 Kf7 $11 {KomodoDragon3}) 41. cxb4 axb4 42. axb4 hxg5 43. hxg5 Kf7 44. Kh3
(44. Kf3) 44... Kg6 45. Kh4 Nxb2 46. b5 $18 {Syzygy tablebases} Nc4 47. Nd5 Nd6
48. b6 Nb7 49. Kg4 Nd6 50. Kf4 Nb7 51. Nc3 Nc5 52. Ne4 Nb7 53. Ke5 Kh5 54. Kf5
(54. Kd5 Kg4 55. g6 Kh5 56. Nd6 Na5 57. Nc4 Nb7 58. Ne5 $18 {KomodoDragon3})
54... Nd8 55. Nf6+ $1 Kh4 56. Ne8 g6+ 57. Kxg6 1-0

[Event "S Wales Late Summer Open"]
[Site "?"]
[Date "2022.09.04"]
[Round "4.4"]
[White "Duke, Dillan"]
[Black "Garcia, Jason"]
[Result "1/2-1/2"]
[WhiteElo "1896"]
[BlackElo "1996"]
[Annotator "kemen"]
[PlyCount "58"]
[EventDate "2022.??.??"]
[SourceVersionDate "2022.09.07"]

{[%evp 0,11,22,22,103,84,90,92,70,51,32,33,64,36]} 1. e4 c5 2. Nf3 d6 3. d4
cxd4 4. Nxd4 Nf6 5. Nc3 a6 6. Bc4 e6 7. Bb3 Nbd7 8. O-O (8. f4) 8... Nc5 9. Re1
Be7 10. f3 (10. f4 {main}) 10... O-O 11. Be3 Qc7 12. Qd2 b5 13. Kh1 $146 (13.
Rad1 {1 draw, 2 Bl wins} b4 $17 {not yet played}) (13. a3 $15 {KomodoDragon3})
13... Bb7 14. Rad1 Nxb3 15. axb3 d5 (15... Rac8 $15) 16. exd5 (16. e5 $1 Nd7 (
16... Qxe5 17. Bf4 Qh5 18. Re5 Qg6 19. Rg5 Qh6 20. Rxd5 Qh4 21. Bg5 Nxd5 22.
Bxh4 Bxh4 23. Ne4 $16) 17. f4 $11 {KomodoDragon3}) 16... Nxd5 (16... b4 17. Ne4
Nxd5 $17 {KomodoDragon3}) 17. Nxd5 Bxd5 18. Bf4 Qb7 19. Nf5 $11 Bf6 20. Be5 (
20. Nd6 Qa7 21. c4 Bc6 22. Be3 Qc7 23. c5 $14 {KomodoDragon3}) 20... Bxe5 21.
Rxe5 f6 22. Re3 exf5 23. Qxd5+ Qxd5 24. Rxd5 Rfe8 25. Rxe8+ Rxe8 26. Kg1 Re1+
27. Kf2 Rb1 28. Rxf5 Rxb2 29. Rc5 Kf7 {(draw?)} 1/2-1/2

[Event "S Wales Late Summer Open"]
[Site "?"]
[Date "2022.09.04"]
[Round "4.5"]
[White "Menadue, Jeremy"]
[Black "Fowler, Hugo"]
[Result "1-0"]
[WhiteElo "1960"]
[BlackElo "1904"]
[Annotator "kemen"]
[PlyCount "37"]
[EventDate "2022.??.??"]
[SourceVersionDate "2022.09.07"]

{[%evp 0,16,22,20,20,-24,56,33,16,31,13,3,33,28,18,19,27,39,2]} 1. d4 d5 2. c4
c5 3. e3 (3. cxd5 {main}) 3... cxd4 4. exd4 Nf6 5. Nc3 e6 6. Nf3 Nc6 (6... Bb4)
7. a3 (7. c5 {main}) 7... Be7 8. c5 Ne4 9. Bd3 (9. Qc2) (9. Bb5) 9... Nxc3 10.
bxc3 b6 $11 {1-1-5} 11. cxb6 axb6 12. Qe2 O-O 13. h4 (13. O-O Qc7 14. Bb2 (14.
a4 Qa7 15. Ng5 g6 16. Rd1 h6 17. Nf3 Kg7 18. Ne5 $16 {Mamedyarov-Vidit, Tata
Steel India rapid 2018,1-0}) 14... Bf6 15. c4 Ba6 16. cxd5 Bxd3 17. Qxd3 exd5
18. Rac1 Qb7 $11 {Fauland-Brunner, SUI ch Int 1992,0-1}) 13... Na5 $2 (13... f5
14. Bg5 Qc7 15. Bxe7 Nxe7 16. O-O Ng6 17. g3 Rf7 18. Bb5 $16 {
Brglez-Lehikoinen, JUB 50 corr YUG 1981,1/2-1/2}) 14. Bxh7+ $18 Kh8 (14... Kxh7
15. Ng5+ Kg6 16. h5+ Kh6 17. Nxf7+) 15. Bd3 (15. Ng5) 15... g6 16. Qe3 Bf6 17.
Qh6+ Kg8 18. Ng5 Bxg5 19. hxg5 1-0

[Event "S Wales Late Summer Open"]
[Site "?"]
[Date "2022.09.04"]
[Round "4.6"]
[White "Fathallah, Joe"]
[Black "Jukes, Sam"]
[Result "1/2-1/2"]
[WhiteElo "1907"]
[BlackElo "1895"]
[Annotator "kemen"]
[PlyCount "71"]
[EventDate "2022.??.??"]
[SourceVersionDate "2022.09.07"]

{[%evp 0,5,22,20,30,-16,25,31]} 1. d4 Nf6 2. c4 b6 3. Nf3 (3. Nc3 Bb7 4. Qc2 d5
) 3... Bb7 4. g3 e6 5. Bg2 Be7 6. Nc3 Ne4 7. Nxe4 (7. Bd2) (7. Qc2) 7... Bxe4
8. O-O O-O 9. Bd2 (9. Ne1) (9. Nh4) 9... d5 (9... d6) (9... f5 {main lines})
10. cxd5 exd5 $146 (10... Qxd5 11. Bc3 {1.5-0.5}) 11. Rc1 (11. Qa4 Qe8 12. Qxe8
Rxe8 $11 {KomodoDragon3}) 11... c5 12. dxc5 bxc5 13. Qa4 Qd7 14. Qxd7 Nxd7 15.
Rfd1 $14 f5 16. Ng5 Bxg2 17. Kxg2 Rf6 18. Nh3 (18. b4 c4 19. Be3 Nb6 20. Bc5
Bf8 21. Nf3 $16 {KomodoDragon3}) 18... Ra6 19. Nf4 (19. Bg5 Bxg5 20. Nxg5 h6
21. Nf3 Rd6 22. b4 cxb4 23. Nd4 g6 24. Rc7 $14 {KomodoDragon3}) 19... Nf6 20.
a3 Rb6 21. b4 cxb4 22. Bxb4 Bxb4 23. axb4 Rxb4 24. Nxd5 Rb7 (24... Nxd5 25.
Rxd5 a5 26. Rc7 a4 27. Rdd7 Rg4 $11 {KomodoDragon3}) 25. Nxf6+ gxf6 26. Ra1 (
26. Rc5 Kg7 27. Rxf5 a5 28. Ra1 a4 29. Ra3 $16 {KomodoDragon3}) 26... a5 27.
Rd4 Kf7 28. Raa4 Rb5 29. Kf3 Kg6 30. e3 $11 Rc5 31. Rd7 h5 32. Rb7 Rd5 33. h4
Rc8 34. Ra7 Rc2 35. Rd4 (35. Rf4 $5) 35... Rcc5 (35... Rxd4 36. exd4 Rc3+ 37.
Ke2 f4 38. gxf4 Rh3 39. Rxa5 Rxh4 40. Ke3 $11 {KomodoDragon3} Rh1 $11) 36. Ra4
{(draw?)} 1/2-1/2

[Event "S Wales Late Summer Open"]
[Site "?"]
[Date "2022.09.04"]
[Round "4.7"]
[White "Parri, Deio"]
[Black "Bullen, Alex"]
[Result "0-1"]
[WhiteElo "1609"]
[BlackElo "2115"]
[Annotator "kemen"]
[PlyCount "42"]
[EventDate "2022.??.??"]
[SourceVersionDate "2022.09.07"]

{[%evp 0,20,23,23,30,-14,11,-7,18,-13,-40,-8,-22,-5,6,0,15,26,33,33,57,50,57]} 
1. d4 Nf6 2. c4 e6 3. Nc3 Bb4 4. Qc2 d5 5. a3 Bxc3+ 6. bxc3 (6. Qxc3 {main})
6... O-O 7. Nf3 (7. Bg5) 7... Ne4 8. e3 Nd7 9. Bd3 f5 10. O-O b6 (10... c6 {
52 games}) 11. cxd5 exd5 $16 {8-0} 12. Nd2 (12. c4 $16 {Cloud Engines}) 12...
Qg5 $146 (12... Bb7 13. f3 {3-0}) (12... c5 13. c4 $14 {1-0}) 13. f3 $2 (13. c4
$18) 13... Qxe3+ $19 14. Kh1 Nf2+ 15. Rxf2 Qxf2 16. Bb2 Re8 17. h3 Nf6 18. c4
Nh5 19. Nf1 Qxc2 20. Bxc2 Re2 21. Rc1 Ba6 0-1

[Event "S Wales Late Summer Open"]
[Site "?"]
[Date "2022.09.04"]
[Round "4.8"]
[White "Pleasants, Allan J"]
[Black "Morgans, Justin"]
[Result "1/2-1/2"]
[WhiteElo "2005"]
[BlackElo "1613"]
[Annotator "kemen"]
[PlyCount "51"]
[EventDate "2022.??.??"]
[SourceVersionDate "2022.09.07"]

{[%evp 0,23,23,13,18,-10,1,-10,11,20,22,21,16,32,10,21,21,18,26,26,39,38,32,26,
23,-4]} 1. Nf3 d5 2. g3 Nf6 3. Bg2 c5 4. c4 e6 5. O-O Nc6 6. cxd5 exd5 (6...
Nxd5) 7. d4 cxd4 8. Nxd4 Bc5 9. Nb3 (9. Nxc6 bxc6 10. Qc2 Qb6 11. Nc3 {81% for
Wh}) 9... Be7 10. Nc3 Be6 {69% for Wh} 11. Nd4 O-O 12. b3 (12. Nxe6 fxe6 {
Stockfish154-1-2}) (12. Be3 {KomodoDragon3}) 12... Re8 $146 13. Bb2 Rc8 14. Rc1
a6 15. Nxe6 fxe6 16. e3 Bd6 17. Qd2 Qe7 18. Rfd1 (18. Ne2) 18... Bb4 19. Qe2
Red8 20. Nb1 Na7 21. a3 Bd6 22. b4 Rxc1 23. Rxc1 Rc8 (23... Nc6) 24. Rxc8+ Nxc8
25. Qc2 (25. Nd2 $18 {Deep Fritz13 & KomodoDragon3} e5 26. e4 b5 (26... d4 27.
Qc4+ $18) 27. exd5 Nb6 28. Bh3 Nfxd5 29. Ne4 Nc4 30. Qg4 Ndb6 31. Bc1 Kh8 32.
Ng5 $18 {KomodoDragon3}) 25... Qc7 26. Qxc7 {(draw?)} 1/2-1/2

[Event "S Wales Late Summer Open"]
[Site "?"]
[Date "2022.09.04"]
[Round "4.9"]
[White "Thomas, James"]
[Black "Chong, Kimberly"]
[Result "1-0"]
[WhiteElo "1922"]
[BlackElo "1717"]
[Annotator "kemen"]
[PlyCount "83"]
[EventDate "2022.??.??"]
[SourceVersionDate "2022.09.07"]

{[%evp 0,16,31,10,37,37,37,40,40,10,10,10,37,34,42,56,56,56,41]} 1. e4 d5 2.
exd5 Nf6 3. Bb5+ Bd7 4. Be2 (4. Bc4 {main}) 4... Nxd5 5. d4 e6 (5... Bf5) 6. c4
(6. Nf3) 6... Bb4+ (6... Nf6) 7. Bd2 Bxd2+ 8. Qxd2 Nf6 9. Nc3 Bc6 10. Nf3 Ne4
11. Nxe4 (11. Qf4 Nxc3 12. bxc3 Nd7 13. Qg4 O-O 14. O-O Nf6 15. Qf4 b6 {
Fernandez Macineiras-Exposito Pacin, Teresa Herrera op , Corunha 2000,0-1})
11... Bxe4 12. Qe3 Bxf3 13. Bxf3 c6 14. O-O O-O $16 {Bl has a passive position}
15. b4 (15. Rfe1 $16 {KomodoDragon3}) 15... Qe7 16. Rab1 Rc8 17. Rb2 Nd7 18. c5
$11 (18. d5 $14) (18. b5 $14) 18... Nf6 (18... a6 19. a4 Nf6) 19. a4 (19. b5)
19... a6 20. Rfb1 Nd5 21. Bxd5 cxd5 22. f4 $16 Qd7 23. b5 axb5 24. Rxb5 Ra7 25.
Qb3 Rc7 26. a5 g6 27. Qb4 (27. Qc3 Qe7 28. Qe1 {DeepFritz13 sees this as
slight advantage for Wh, KomodoDragon3 asesses as Wining for Wh}) (27. Qe3 $18
{KomodoDragon3}) 27... Kg7 28. Rb6 (28. Qe1 Kg8 29. Qe5 Qe7 30. h3 $18 {
KomodoDragon3}) 28... Qd8 29. Rd6 Qf8 $2 (29... Rd7 30. Rb6 (30. Rxd7 Qxd7 $11)
30... h5) 30. Qd2 (30. Qb6 $18 Qb8 31. a6 h6 32. c6 h5 33. axb7 (33. cxb7 {
KomodoDragon3})) 30... Qe7 31. Rb5 Qe8 32. Qe2 $18 Qe7 33. Qe5+ Qf6 (33... Kg8
34. h3 $18 {is preferable- both Engines}) 34. Rxe6 $1 fxe6 35. Qxc7+ Kh6 36.
Qe5 (36. Rb4 $1) 36... Qd8 (36... Qxe5 37. dxe5 g5 {best try}) 37. Rb3 g5 38.
Rh3+ Kg6 39. Qxe6+ Kg7 40. Qh6+ Kf7 41. Qxh7+ Ke8 42. Re3+ (42. Qf5) 1-0

[Event "S Wales Late Summer Open"]
[Site "?"]
[Date "2022.09.04"]
[Round "4.10"]
[White "Wu, Yuxuan"]
[Black "Turner, Joseph David"]
[Result "1/2-1/2"]
[WhiteElo "1458"]
[BlackElo "1874"]
[Annotator "kemen"]
[PlyCount "97"]
[EventDate "2022.??.??"]
[SourceVersionDate "2022.09.07"]

{[%evp 0,12,22,21,25,4,36,35,32,46,48,37,37,33,68]} 1. d4 Nf6 2. c4 g6 3. Nc3
Bg7 4. e4 d6 5. Nf3 O-O 6. Be2 Na6 7. O-O e5 8. Be3 Ng4 9. Bg5 f6 (9... Qe8 {
main}) 10. Bh4 (10. Bc1 {main}) 10... h5 (10... Qe8 {main}) 11. h3 Nh6 12. Qd2
(12. dxe5 {1-3-1}) 12... exd4 (12... c6 13. Rad1 Nf7 (13... Qe8 14. d5 (14. c5
$18) 14... c5 15. Nb5 Nf7 16. Ne1 $16 {Fyllingen-Djurhuus, NOR ch tm 2001,0-1})
14. a3 $16 {2-0} (14. Qc1 Qe8 15. Bg3 $18 {KomodoDragon3})) 13. Nxd4 $18 g5 14.
Bg3 h4 15. Bh2 Re8 (15... f5 $5 16. exf5 Nxf5 17. Nf3 Bh6 18. Ne4 $18 {
KomodoDragon3}) 16. Bh5 Re7 17. f3 (17. Nd5 Re5 (17... Rxe4 18. Rae1 Nc5 19.
Nb5 c6 20. Nxd6 Rxe1 21. Rxe1 Ne6 22. Rxe6 Bxe6 23. Nxb7 Qf8 24. Bd6 $18) 18.
Bg6 $18 {KomodoDragon3}) 17... c6 18. Bg4 (18. Rad1 Be6 19. Nxe6 Rxe6 20. f4
$18 {Stockfish11}) (18. Kh1 Nc5 19. b4 Ne6 20. Nf5 $18 {KomodoDragon3}) 18...
Nxg4 19. hxg4 Be6 20. Nf5 (20. Nxe6 Rxe6 21. Ne2 $18 {KomodoDragon3}) 20...
Bxf5 21. exf5 Rd7 22. Rad1 Qb6+ 23. Qf2 (23. Kh1) 23... Qb4 24. Qe2 Nc7 25. a3
Qc5+ 26. Kh1 Re8 27. b4 (27. Ne4 $18) 27... Rxe2 28. bxc5 Rc2 29. Rxd6 Re7 30.
Ne4 Rxc4 31. Nxf6+ (31. Rd8+ $1 {both Engines} Kh7 32. Bd6 Rf7 33. g3 h3 34.
Bxc7 Rxc7 35. Kh2 $18 {KomodoDRagon3}) 31... Bxf6 32. Rxf6 Nd5 33. Rg6+ Kf7 34.
Rxg5 $18 Re2 35. Rh5 Rcc2 36. Rxh4 (36. Bd6 $1 $18 {KomodoDragon3}) (36. Rg1
Rxc5 37. Rxh4 $18 {KomodoDragon3}) 36... Rxg2 37. Rb1 (37. Re1 $18 {both
Engines}) 37... b5 38. cxb6 axb6 39. Be5 (39. Re1 Rge2 40. Rxe2 Rxe2 41. g5 $18
{KomodoDragon3}) 39... Rge2 40. Bg3 (40. f4) 40... b5 41. Rh2 Rxh2+ 42. Bxh2
Rc3 43. Bd6 $2 {playing safe on the Q side lets the win slip, as the K side
pawns go one by one} (43. Kg2 $1 $18 {The longrange B is a better piece than
the N in pawns moving forward on opposite sides of the board- it can stop the
opposition while supporting its own} Rxa3 44. Be5 Re3 45. Ba1 Ne7 46. Kg3 Ra3
47. Rh1 c5 48. Rh7+ Kf8 49. Bb2 Rb3 50. f6 Ng6 51. Bc1 $18 {KomodoDragon3})
43... Rxf3 $11 44. Rc1 Ne3 45. Rxc6 Nxg4 46. Rc5 Rb3 (46... Rf1+ 47. Kg2 Ne3+
48. Kg3 Nxf5+ 49. Kg2 Ne3+ $11 {KomodoDragon3}) 47. Rc6 Rb1+ 48. Kg2 Ne3+ 49.
Kf2 {(draw?)} 1/2-1/2

[Event "S Wales Late Summer Open"]
[Site "?"]
[Date "2022.09.04"]
[Round "4.11"]
[White "Guy, David"]
[Black "Szakmany, Bence"]
[Result "1/2-1/2"]
[WhiteElo "1858"]
[BlackElo "1375"]
[Annotator "kemen"]
[PlyCount "71"]
[EventDate "2022.??.??"]
[SourceVersionDate "2022.09.07"]

{[%evp 0,10,25,25,27,2,-3,4,4,-27,17,16,2]} 1. d4 Nf6 2. c4 e6 3. Nc3 Bb4 4.
Qc2 c5 5. e3 Nc6 6. Nf3 O-O 7. Be2 b6 (7... d5 {main}) 8. a3 (8. O-O {main})
8... Bxc3+ 9. Qxc3 cxd4 (9... Bb7 10. O-O {2-6-4}) 10. exd4 Bb7 11. b4 (11. O-O
{4-4-4}) 11... Ne7 (11... a5 12. b5 Ne7 13. Bg5 Nf5 14. O-O Ne4 15. Qc1 Nxg5
16. Nxg5 Nxd4 {Basson-Castignani, LSS email 2014,0-1}) 12. O-O Ne4 (12... Rc8
13. Qb3 {1.5-0.5}) 13. Qc2 Rc8 14. Bb2 f5 15. Rfd1 g5 $5 16. Rac1 g4 17. Ne5 (
17. Nd2 $16 {KomodoDragon3}) 17... d6 18. Nd3 b5 (18... Ng6 19. Qa4 Qh4 $17 {
KomodoDragon3}) 19. c5 Nd5 $11 20. Qb3 (20. Bf1 $11) 20... Rf6 (20... Qh4) 21.
cxd6 Rxc1 22. Rxc1 (22. Bxc1 $14) 22... Rh6 23. g3 Nxd6 (23... Qxd6 24. Nc5 Nf4
$1 25. Qe3 (25. gxf4 Qxf4 26. Qxe6+ Rxe6 $19) 25... Nxg3 26. fxg3 Qc6 27. Bf3
Nh3+ 28. Kf1 Qxf3+ 29. Qxf3 Bxf3 30. Nd7 $11 {KomodoDragon3}) 24. Nc5 Qe7 25.
Nxb7 Qxb7 26. Rc5 (26. Qc2 $18) 26... Rg6 27. Bc1 a6 28. Bf1 Ne4 29. Rc2 Kf7
30. Bg2 Nd6 31. Bf4 (31. Rc5 Nc4 32. Bf4 $18 {KomodoDragon3}) 31... Nc4 $11 32.
Bc1 Rg8 33. Bf1 Nd6 34. Bg2 Nc4 35. Bf1 Nd6 36. Bg2 1/2-1/2